De lenguaje y literatura / (Record no. 16488)

MARC details
000 -LEADER
campo de control de longitud fija 00758nam a2200241 i 4500
001 - NÚMERO DE CONTROL
campo de control 16488
003 - IDENTIFICADOR DE NÚMERO DE CONTROL
campo de control ES-MaACL
005 - FECHA Y HORA DE LA ÚLTIMA TRANSACCIÓN
campo de control 20250802063059.0
007 - CAMPO FIJO DE DESCRIPCIÓN FÍSICA--INFORMACIÓN GENERAL
campo de control de longitud fija t|
008 - DATOS DE LONGITUD FIJA--INFORMACIÓN GENERAL
campo de control de longitud fija 001002s1996 sp ||||1| spa d
020 ## - NÚMERO INTERNACIONAL ESTÁNDAR DEL LIBRO
Número Internacional Estándar del Libro 84-493-0227-7
080 ## - NÚMERO DE LA CLASIFICACIÓN DECIMAL UNIVERSAL
Número de la Clasificación Decimal Universal 1(081)Foucault, Michel
100 1# - ENTRADA PRINCIPAL--NOMBRE DE PERSONA
Nombre de persona Foucault, Michel,
Fechas asociadas al nombre 1926-1984
9 (RLIN) 241486
245 10 - MENCIÓN DEL TÍTULO
Título De lenguaje y literatura /
Mención de responsabilidad, etc. Michel Foucault ; introducción de Angel Gabilondo.
250 ## - MENCION DE EDICION
Mención de edición 1ª ed.
260 ## - PUBLICACIÓN, DISTRIBUCIÓN, ETC.
Lugar de publicación, distribución, etc. Barcelona :
Nombre del editor, distribuidor, etc. Paidós,
Fecha de publicación, distribución, etc. 1996.
300 ## - DESCRIPCIÓN FÍSICA
Extensión 221 p. ;
Dimensiones 20 cm.
490 1# - MENCIÓN DE SERIE
Mención de serie Pensamiento contemporáneo ;
Designación de volumen o secuencia 42
700 1# - ENTRADA AGREGADA--NOMBRE PERSONAL
Nombre de persona Gabilondo, Ángel,
Fechas asociadas al nombre 1949-
9 (RLIN) 138768
830 0# - PUNTO DE ACCESO ADICIONAL DE SERIE-TÍTULO UNIFORME
Título uniforme Pensamiento contemporáneo ;
Designación de volumen o secuencia 42
9 (RLIN) 179725
852 ## - LOCALIZACIÓN
Ubicación ES-MaACL
Número de control de estantería L-23794
Sublocalización o colección R.128642
Holdings
Estatus retirado Estado de pérdida Estado de daño No para préstamo Biblioteca de origen Biblioteca actual Ubicación en estantería Fecha de adquisición Fuente de adquisición Total de préstamos Signatura topográfica completa Código de barras Visto por última vez Precio de reemplazo Tipo de ítem Koha
        Biblioteca del Ateneo de Madrid Biblioteca del Ateneo de Madrid Depósito 2 17/01/2008     L-23794 1016750 23/02/2023 23/02/2023 Libro impreso